Statistics for Far Cry 5 Character Quiz

Click here to take the quiz!

General Stats

  • This quiz has been taken 1,090 times
    (1,050 since last reset)
  • The average score is 17 of 29

Answer Stats

HintAnswer% Correct
Who is the main antagonist and leader of the cult?Joseph Seed
97%
Youngest brother of ^John Seed
96%
Mysterious Woman Claimed to be the Sister of ^^^Faith Seed
94%
Oldest Brother of above 2Jacob Seed
94%
Who do you play the game as?Rook/Deputy
93%
Specialist; the bearCheeseburger
83%
Vietnam veteran that you helps you out in the beginningDutch
78%
Specialist; AviatorNick Rye
78%
Specialist; Friendly CougarPeaches
73%
Specialist; Redneck with a Rocket LauncherHurk Drubman Jr.
72%
Specialist; Good boiBoomer
71%
Specialist; Redneck with a FlamethrowerSharky Boshaw
59%
Specialist; Huntress with a bow (Dutch's daughter)Jess Black
58%
Wife of the above^Kim Rye
58%
Specialist; Black Sniper LadyGrace Armstrong
57%
Leader of the WhitetailsEli
56%
Bad-ass pastor from Fall's EndPastor Jerome
54%
Sheriff of Hope CountySheriff Earl Whitehorse
46%
Female Deputy captured by JohnDeputy Hudson
44%
Fellow male deputy also captured by JacobDeputy Pratt
42%
Specialist; Thot with a helicopterAdelaide Drubman
37%
Conservative father of the above^Hurk Sr.
37%
Blondie from Fall's End; Gives you the WidowmakerMary May Fairgrave
36%
Previous owner of the above^Ms. Mable
33%
Younger male member of their^ groupWheaty
31%
Female friend of ^Tammy
28%
The US Marshall captured by FaithMarshall Burke
26%
Man who is obsessed with people wearing buttonsVirgil
24%
A legend in Heaven and in HellClutch Nixon
18%

Score Distribution

Percentile by Number Answered

Percent of People with Each Score

Your Score History

You have not taken this quiz since the last reset